000 00707nam a2200229 i 4500
003 DO-SdBNP
005 20250515144748.0
007 ta
008 250515b2008 dr ||||| |||| 00| 0 spa d
040 _aDO-SdBNP
_bspa
_cBNPHU
_erda
082 4 _axxx
_bxxx
_222
100 _aSotero Cabrera, John,
_eautor
_4aut.
_987781
245 1 0 _aSanación desde la mente cosmica co HO·OPONOPONO /
_cJohn Sotero Cabrera
264 _aSanto Domingo :
_bEditor no identificado,
_c2008.
300 _a103 página ;
_c21 cm.
336 _atexto
_btxt
_2rdacontent
337 _asin mediación
_bn
_2rdamedia
338 _avolumen
_bnc
_2rdacarrier
590 _aInventariado, 2025/BT
910 _aBtavárez
942 _2ddc
_cLBS1
999 _c59036
_d59036